Responses for Show #4013 - Wednesday, January 30, 2002

Contestants

[<< previous game]

Kristen Senall, a first grade teacher from Buffalo, New York

Edward Ragan, a historian and Ph.D. candidate from Syracuse, New York

Walter Grubbs, a human resources executive from Fair Oaks, California (whose 1-day cash winnings total $18,001)

[next game >>]

Jeopardy! Round responses

JAPANESE GEOGRAPHY
WHAT'S ON CABLE?
(Alex: You have to name the cable network that features each series we will give you.)
SPIES & SPYING
MILITARY BRATS
WEIGHTS & MEASURES
12-LETTER WORDS
    $200 6
Alps

Walter
    $200 11
Nickelodeon

Edward
    $200 2
Napoleon

Triple Stumper
    $200 1
Jim Morrison

Edward
    $200 16
acre

Kristen
    $200 26
mademoiselle

Kristen
    $400 7
Tokyo

Kristen
    $400 12
CNN

Kristen
    $400 21
atom bomb

Edward
    $400 3
Canada

Kristen
    $400 17
Paris

Walter
    $400 27
hypertension

Kristen
    $600 8
South Korea

Edward
    $600 13
History Channel

Walter
    $600 22
Pearl Harbor

Kristen
    $600 4
John Denver

Triple Stumper
    $600 18
cup

Edward
    $600 28
headmistress

Kristen
    $800 9
Toyota

Triple Stumper
    $800 14
HBO

Edward
    $800 23
Tory

Edward
    $800 5
Blair Underwood

Triple Stumper
    $600 19
(Edward: What is the diameter of the sun?)
...
(Alex: Information you can use at cocktail parties in the future.)
(Edward: Indeed.)

light-year

Edward
    $800 29
testosterone

Edward
    $1000 10
Okinawa

Edward
    $1000 15
(Edward: What is USA?)

Sci Fi Channel

Edward
Triple Stumper
    $1000 24
turn

Edward
    $1000 25
Jeri Ryan

Triple Stumper
    $1000 20
cubit

Kristen
    $1000 30
disinfectant

Walter

Scores at the first commercial break (after clue 15):

Walter Edward Kristen
$800 $1,800 $1,200

Scores at the end of the Jeopardy! Round:

Walter Edward Kristen
$2,200 $4,800 $4,200

Double Jeopardy! Round responses

THE AMISH
ACTORS WHO SING
3 LETTERS IN 2 STATE NAMES
O BROTHER
WHERE ART
"THOU"
    $400 10
carriages (horse & buggy)

Kristen
    $400 6
Evita

Kristen
    $400 15
Mississippi & Missouri

Kristen
    $400 21
Robert Kennedy

Edward
    $400 26
Ohio

Edward
    $400 1
twenty thousand

Edward
    $800 11
(Walter: Double ring, what is a double ring?)
(Alex: I think we need a little more specific on that.)
(Walter: What's a double-ring quilt?)
(Alex: No.)

double wedding ring

WalterKristen
    $800 7
Sissy Spacek

Kristen
    $800 16
(Edward: What is Alaska & Arkansas?)

Alaska & Nebraska

WalterEdward
    $800 22
Kublai Khan

Kristen
    $800 27
[The end of the round signals.]

Venetian

Triple Stumper
    $800 2
ten thousand

Walter
    $1200 12
Pennsylvania Dutch

Walter
    $1200 8
Diane Keaton

Triple Stumper
    $1200 17
Kansas & Arkansas

Edward
    $1200 23
Remus

Kristen
    $1200 3
one thousand meters

Walter
    $1600 13
graven images

Edward
    $1600 9
Michelle Pfeiffer

Triple Stumper
    $2,000 18
(Edward: What is...[*]?)
(Alex: Yes.)
(Edward: ...And [**]?)
(Alex: Oh-ho! Yes!)
[Applause]

*Idaho & **Florida

Edward
    $1,000 24
(Kristen: Um...who is Canaan?)

Shem

Kristen
    $1600 4
Windows 2000

Triple Stumper
    $2000 14
Mennonites

Walter
    $2000 20
(Edward: Who is Tom Wopat?)

John Schneider

Edward
Triple Stumper
    $2000 19
Vermont & Montana

Triple Stumper
    $2000 25
Green Mountain Boys

Walter
    $2000 5
(Kristen: What is...)
(Alex: Say something.)
...
(Alex: Yes! Sometimes our contestants
have to be pushed just a little.)
(Kristen: Thank you for pushing.)

five thousand

Kristen

Scores at the end of the Double Jeopardy! Round:

Walter Edward Kristen
$9,400 $8,000 $10,000

[wagering suggestions for these scores]

Final Jeopardy! Round responses

'90s BESTSELLERS
EdwardWhat is Harry Potter?
$8,000
WalterWhat is the Diary
$3,000
KristenWhat is Bridget Jones' Diary?
$5,000
Bridget Jones's Diary

Final scores:

Walter Edward Kristen
$6,400 $0 $15,000
2nd place: trip to Italy by Collette Vacations 3rd place: trip to Oahu by Yahoo! Travel New champion: $15,000

Game dynamics:

Coryat scores:

Walter Edward Kristen
$9,400 $8,200 $11,000
10 R,
1 W
16 R
(including 1 DD),
4 W
(including 1 DD)
17 R,
1 W
(including 1 DD)

Combined Coryat: $28,600

[game clues] [game scores] [suggest correction]

Game tape date: 2001-11-07
The J! Archive is created by fans, for fans. Scraping, republication, monetization, and malicious use prohibited; this site may use cookies and collect identifying information. See terms. The Jeopardy! game show and all elements thereof, including but not limited to copyright and trademark thereto, are the property of Jeopardy Productions, Inc. and are protected under law. This website is not affiliated with, sponsored by, or operated by Jeopardy Productions, Inc. Join the discussion at JBoard.tv.